Fuerzas armadas y poder político en Bolivia: 1978-1985
Guardado en:
| Hovedforfatter: | |
|---|---|
| Format: | Texto |
| Udgivet: |
Santiago:
FLACSO
|
| Tags: |
Tilføj Tag
Ingen Tags, Vær først til at tagge denne postø!
|
MARC
| LEADER | 00000 a a2200000 04500 | ||
|---|---|---|---|
| 001 | 25119 | ||
| 003 | |||
| 040 | |||
| 090 | |a 179900 | ||
| 100 | |a Sandoval Rodríguez, Isaac | ||
| 245 | |a Fuerzas armadas y poder político en Bolivia: 1978-1985 | ||
| 260 | |a Santiago: |b FLACSO | ||
| 300 | |a 13 p. | ||
| 999 | |c 11497 |d 11497 | ||
